Colonial road problems: impressions from visits to East Africa and Northern Rhodesia (Record no. 425283)

000 -LEADER
fixed length control field 00366cam a22001097a 4500
008 - FIXED-LENGTH DATA ELEMENTS--GENERAL INFORMATION
fixed length control field 180718b1954 xxu||||| |||| 00| 0 eng d
082 ## - DEWEY DECIMAL CLASSIFICATION NUMBER
Classification number X6x6
100 ## - MAIN ENTRY--PERSONAL NAME
Personal name Pollitt, H.W.W.
245 ## - TITLE STATEMENT
Title Colonial road problems: impressions from visits to East Africa and Northern Rhodesia
Statement of responsibility, etc. by H.W.W. Pollitt
260 ## - PUBLICATION, DISTRIBUTION, ETC.
Place of publication, distribution, etc. London
Name of publisher, distributor, etc. Her Majesty's Stationery Office
Date of publication, distribution, etc. 1954
300 ## - PHYSICAL DESCRIPTION
Extent 77+p.
Holdings
Withdrawn status Lost status Damaged status Not for loan Permanent Location Current Location Date acquired Full call number Barcode Date last seen Price effective from Koha item type
        Indian Institute of Public Administration Indian Institute of Public Administration 2009-10-07 X6x6 7500 2018-07-21 2018-07-21 Book

Powered by Koha